Statistics for Countries that Visit France the Most

Click here to take the quiz!

General Stats

  • This quiz has been taken 17,419 times
    (17,379 since last reset)
  • The average score is 12 of 14

Answer Stats

# VisitsCountry% Correct
3.2 mUnited States
99%
12.7 mGermany
98%
11.8 mUnited Kingdom
98%
6.1 mSpain
97%
7.5 mItaly
95%
1.7 mChina
91%
1.0 mCanada
89%
9.3 mBelgium
88%
5.5 mNetherlands
86%
6.2 mSwitzerland
83%
1.4 mPortugal
83%
1.3 mAustralia
69%
1.2 mBrazil
57%
1.4 mLuxembourg
48%

Score Distribution

Percentile by Number Answered

Percent of People with Each Score

Your Score History

You have not taken this quiz since the last reset